Komparatívny výskum jazykovej krajiny vybraného areálu z rodovej perspektívy

Skúmanie multimodálnych znakov jazykovej krajiny komparáciou dvoch urbánnych areálov s cieľom zistiť spôsob, s akým používatelia jazyka aplikujú generické maskulínum, príp. iné jazykové prostriedky odkazujúce na rod osôb. Štúdia vysvetľuje a interpretuje dané zistenia z viacerých možných hľadísk s c...

Ausführliche Beschreibung

Gespeichert in:
Bibliographische Detailangaben
1. Verfasser: Jesenská, Petra
Format: Buchkapitel
Sprache:Slowakisch
Schlagworte:
Tags: Tag hinzufügen
Keine Tags, Fügen Sie das erste Tag hinzu!

MARC

LEADER 00000naa a2200000 4500
001 0292248
005 20240425120140.2
041 0 |a slo 
044 |a SK 
245 1 0 |a Komparatívny výskum jazykovej krajiny vybraného areálu z rodovej perspektívy  |c Petra Jesenská 
520 |a Skúmanie multimodálnych znakov jazykovej krajiny komparáciou dvoch urbánnych areálov s cieľom zistiť spôsob, s akým používatelia jazyka aplikujú generické maskulínum, príp. iné jazykové prostriedky odkazujúce na rod osôb. Štúdia vysvetľuje a interpretuje dané zistenia z viacerých možných hľadísk s cieľom zistiť, či v prípade rodu dochádza k zmenám v jazyku na parolovej úrovni, ktorú je nutné brať do úvahy aj na systémovej úrovni. 
610 2 0 |a jazyk materinský 
610 2 0 |a krajina jazyková 
610 2 0 |a Slovensko 
610 2 0 |a regióny 
610 2 0 |a muži 
610 2 0 |a ženy 
610 2 0 |a osoby fyzické 
100 1 |a Jesenská, Petra